| 000 | 01052cam a22003254a 4500 | ||
|---|---|---|---|
| 001 | 15181180 | ||
| 003 | OSt | ||
| 005 | 20140310182740.0 | ||
| 008 | 080214s2009 njua b 001 0 eng | ||
| 010 | _a 2008006936 | ||
| 020 | _a9789810697211 | ||
| 020 | _a981069721X | ||
| 035 | _a(OCoLC)ocn193908300 | ||
| 035 |
_a(OCoLC)193908300 _z(OCoLC)191891673 |
||
| 040 |
_aDLC _cDLC _dBAKER _dYDXCP _dC#P _dDLC |
||
| 050 | 0 | 0 |
_aTS 156 _b.B47 2009 |
| 100 | 1 | _aBesterfield, Dale H. | |
| 245 | 1 | 0 |
_aQuality control / _cDale H. Besterfield. |
| 250 | _a8th ed. | ||
| 260 |
_aUpper Saddle River, N.J. : _bPearson/Prentice Hall, _c2009. |
||
| 300 |
_aix, 540 p. : _bill. ; _c24 cm. |
||
| 521 | _aBSBA | ||
| 650 | 0 | _aQuality control | |
| 856 | 4 | 1 |
_3Table of contents _uhttp://www.loc.gov/catdir/toc/fy0804/2008006936.html |
| 906 |
_a7 _bcbc _corignew _d1 _eecip _f20 _gy-gencatlg |
||
| 942 |
_2lcc _cBK _kFOR |
||
| 999 |
_c15550 _d15550 |
||